UBT Library

Depression : (Record no. 42146)

000 -LEADER
fixed length control field 00833pam a2200241 a 4500
001 - CONTROL NUMBER
control field 4487285
005 - DATE AND TIME OF LATEST TRANSACTION
control field 20180208074341.0
008 - FIXED-LENGTH DATA ELEMENTS--GENERAL INFORMATION
fixed length control field 970128s1997 enka b 001 0 eng c
010 ## - LIBRARY OF CONGRESS CONTROL NUMBER
LC control number 97000293
020 ## - INTERNATIONAL STANDARD BOOK NUMBER
International Standard Book Number 0471968498 (alk. paper)
040 ## - CATALOGING SOURCE
Original cataloging agency DNLM/DLC
Transcribing agency DLC
Modifying agency DLC
041 ## - LANGUAGE CODE
Language code of text/sound track or separate title eng
060 10 - NATIONAL LIBRARY OF MEDICINE CALL NUMBER
Classification number W1 WI53J v.3 1997
-- WM 171 D4241976 1997
080 ## - UNIVERSAL DECIMAL CLASSIFICATION NUMBER
Universal Decimal Classification number 616.8527 hon
082 00 - DEWEY DECIMAL CLASSIFICATION NUMBER
Classification number 616.8527 hon
Edition number 21
100 ## - Rafti
Rafti 9
101 ## - Shkurtesa
Shkurtesa neu
245 00 - TITLE STATEMENT
Title Depression :
Statement of responsibility, etc edited by A. Honig and H.M. van Praag.
504 ## - BIBLIOGRAPHY, ETC. NOTE
Bibliography, etc Includes bibliographical references and index.
906 ## - LOCAL DATA ELEMENT F, LDF (RLIN)
a 7
b cbc
c orignew
d 1
e ocip
f 19
g y-gencatlg
942 ## - ADDED ENTRY ELEMENTS (KOHA)
Source of classification or shelving scheme
Item type Books
Holdings
Withdrawn status Lost status Source of classification or shelving scheme Damaged status Not for loan Collection code Permanent location Current location Shelving location Date acquired Total Checkouts Full call number Barcode Date last seen Price effective from Koha item type
          Koleksioni i përgjithshem UBT - Lipjan UBT - Lipjan Koleksioni i përgjithshem 02/08/2018   616.8527 hon 002-2998647 02/08/2018 02/08/2018 Books
UBT Library © 2015-2024. All rights reserved University Education for Business and Technology